Art of Public Speaking (Record no. 7016)

MARC details
000 -LEADER
fixed length control field 00279nam a2200121Ia 4500
008 - FIXED-LENGTH DATA ELEMENTS--GENERAL INFORMATION
fixed length control field 191201s2018 xx 000 0 und d
100 ## - MAIN ENTRY--PERSONAL NAME
Personal name CARNEGIE,Dale
245 #0 - TITLE STATEMENT
Title Art of Public Speaking
260 ## - PUBLICATION, DISTRIBUTION, ETC. (IMPRINT)
Name of publisher, distributor, etc Ocean paper backs
Date of publication, distribution, etc 2018
300 ## - PHYSICAL DESCRIPTION
Extent 238
650 ## - SUBJECT ADDED ENTRY--TOPICAL TERM
Topical term or geographic name as entry element MBA
942 ## - ADDED ENTRY ELEMENTS (KOHA)
Source of classification or shelving scheme Dewey Decimal Classification
Koha item type Text Books
Holdings
Withdrawn status Lost status Source of classification or shelving scheme Damaged status Not for loan Collection code Home library Current library Date acquired Source of acquisition Cost, normal purchase price Bill Number Total Checkouts Full call number Acc. no. / Barcode Date last seen Date last borrowed Actual Cost, discounted price Bill Date Koha item type Public note
    Dewey Decimal Classification     GENERAL PIET C-LIBRARY PIET C-LIBRARY 21/07/2020 Kirti Prakashan 200.00 IN 3907 4 808.51 CAA 31148 31/10/2023 13/10/2023 160.00 18/05/2019 Text Books  
    Dewey Decimal Classification     GENERAL PIET C-LIBRARY PIET C-LIBRARY 21/07/2020 Kirti Prakashan 200.00 IN 3907 6 808.51 CAA 31149 10/06/2024 30/04/2024 160.00 18/05/2019 Text Books Language
    Dewey Decimal Classification     GENERAL PIET C-LIBRARY PIET C-LIBRARY 21/07/2020 Kirti Prakashan 200.00 IN 3907 3 808.51 CAA 31150 24/08/2022 08/08/2022 160.00 18/05/2019 Text Books Language
    Dewey Decimal Classification     GENERAL PIET C-LIBRARY PIET C-LIBRARY 21/07/2020 Kirti Prakashan 200.00 IN 3907 5 808.51 CAA 31151 07/02/2023 23/01/2023 160.00 18/05/2019 Text Books  

Design & Developed by: PIET Central Library
R70 Miles Stone Pattikalyana Samalkha Panipat 132102
mail ID :- [email protected], Phone No:- 0180-2569700 Ex.216